[Event "TCh-Europe u18"]
[Site "Balatonlelle HUN"]
[Date "2003.07.26"]
[Round "7"]
[White "Beudaert,X"]
[Black "Popovics,A"]
[Result "0-1"]
[WhiteElo "2272"]
[BlackElo "2421"]

1.e4 g6 2.d4 Bg7 3.Nc3 d6 4.Be3 a6 5.Nf3 b5 6.Bd3 Nd7 7.Ne2 c5 8.c3 Ngf6
9.Qd2 Bb7 10.Ng3 Ng4 11.Bg5 h6 12.h3 Ngf6 13.Be3 d5 14.e5 Ne4 15.Qe2 cxd4
16.cxd4 O-O 17.O-O Re8 18.Nh2 f5 19.Nh1 Nf8 20.h4 Ne6 21.f3 f4 22.fxe4 dxe4
23.Qg4 Qd5 24.Bc2 Nxd4 25.Rad1 fxe3 26.Bb3 Qxb3 27.Rxd4 Qxb2 28.Rd7 Bc8 29.e6 Bxd7
30.exd7 Rf8 31.Ng3 Rxf1+ 32.Nhxf1 Qf2+ 33.Kh2 e2 34.Qxe4 exf1=N+  0-1

[Event "ITT"]
[Site "Vicente Lopez ARG"]
[Date "2003.07.26"]
[Round "3"]
[White "Llorens,M"]
[Black "Della Morte,P"]
[Result "1-0"]
[WhiteElo "2374"]
[BlackElo "2318"]

1.e4 d6 2.d4 g6 3.Nc3 Bg7 4.f4 Nf6 5.Nf3 O-O 6.Bd3 Na6 7.O-O c5 8.d5 Bg4
9.Qe1 Nb4 10.a3 Nxd3 11.cxd3 Bxf3 12.Rxf3 Qd7 13.f5 b5 14.Qh4 Rac8 15.Bh6 b4
16.axb4 cxb4 17.Ne2 Rc2 18.Nd4 Rfc8 19.Nxc2 Rxc2 20.Bxg7 Kxg7 21.Raf1 Qd8
22.Kh1 h5 23.h3 Rxb2 24.fxg6 fxg6 25.Qg5 Rc2 26.d4 Qe8 27.e5 Nh7 28.Qe3 Rc8
29.exd6 exd6  1-0

[Event "3rd Savaria Summer Open"]
[Site "Szombathely HUN"]
[Date "2003.07.27"]
[Round "9"]
[White "Tamas,M"]
[Black "Valis,J"]
[Result "0-1"]
[WhiteElo "1992"]
[BlackElo "2144"]

1.e4 g6 2.d4 d6 3.Nc3 Bg7 4.Be3 Nd7 5.f3 c6 6.Qd2 b5 7.g4 Nb6 8.h4 h5 9.g5 e6
10.d5 b4 11.Nd1 exd5 12.Bxb6 Qxb6 13.exd5 c5 14.c4 Ne7 15.Bd3 Bf5 16.Ne2 Bxd3
17.Qxd3 Nf5 18.Rb1 O-O 19.Ne3 Nxe3 20.Qxe3 Qa6 21.Qb3 Rfe8 22.Kf2 Re7 23.Rhe1 Rae8
24.a3 Qc8 25.f4 Qg4 26.Qf3 Rxe2+  0-1

[Event "16th Open"]
[Site "Kiel GER"]
[Date "2003.07.28"]
[Round "5"]
[White "Menk,R"]
[Black "Emami,M"]
[Result "1-0"]
[WhiteElo "2190"]
[BlackElo "2072"]

1.d4 g6 2.e4 Bg7 3.Nc3 d6 4.Bc4 c6 5.Bb3 e6 6.Nf3 Ne7 7.h4 h6 8.Bf4 Na6 9.Qd2 Nc7
10.e5 d5 11.Ne2 b6 12.c4 Bd7 13.Nc3 b5 14.cxb5 cxb5 15.O-O Nc8 16.a4 b4 17.Nb5 Nxb5
18.axb5 Bf8 19.Ba4 Nb6 20.b3 a6 21.bxa6 Nxa4 22.bxa4 Rxa6 23.Rfb1 Rxa4 24.Rxa4 Bxa4
25.Qa2 Bb5 26.Bd2 Bd7 27.Qa7 Be7 28.g3 h5 29.Bxb4 Bxb4 30.Rxb4 O-O 31.Rb7 Bc6
32.Rc7 Bb5 33.Ng5  1-0

[Event "8th Open"]
[Site "Creon FRA"]
[Date "2003.07.29"]
[Round "2"]
[White "Mullon,J"]
[Black "Nevednichy,V"]
[Result "0-1"]
[WhiteElo "2286"]
[BlackElo "2593"]

1.e4 g6 2.d4 Bg7 3.Nc3 d6 4.Be3 a6 5.Qd2 b5 6.a4 b4 7.Nd1 a5 8.f4 Nf6 9.Nf2 Bb7
10.Bd3 O-O 11.Nf3 e6 12.O-O Nbd7 13.c4 bxc3 14.bxc3 d5 15.e5 Ne4 16.Bxe4 dxe4
17.Ng5 Nb6 18.Qc2 Qd5 19.Ngxe4 Kh8 20.Rfe1 f5 21.exf6 Bxf6 22.Bc1 Bh4 23.Qe2 Bc6
24.Qg4 Bxf2+ 25.Nxf2 Rf5 26.Ne4 Nxa4 27.Bd2 Nb6 28.Re2 a4 29.Ng3 Rg8 30.Qh3 Nc4
31.Nxf5 gxf5 32.Ra2 Nd6 33.Be1 Ne4 34.Bh4 Rg6 35.Rab2 Bb5 36.Re1 a3 37.Rb4 a2
38.Qe3 h6 39.Bg3 Rg8 40.Ra1 Ra8 41.Kh1 Bc4 42.Qc1 Kh7 43.Qb2 Rg8 44.Rb7 Qc6
45.Rb8 Rg7 46.Kg1 Bd5 47.Be1 Qc4 48.Rd8 Nd6 49.g3 Qd3  0-1

[Event "8th Open"]
[Site "Creon FRA"]
[Date "2003.07.29"]
[Round "2"]
[White "Mihajlovskij,S"]
[Black "Wustefeld,C"]
[Result "1-0"]
[WhiteElo "2411"]
[BlackElo "2229"]

1.d4 g6 2.e4 Bg7 3.Nc3 d6 4.Bg5 c6 5.Qd2 Nd7 6.f4 b5 7.Nf3 Nb6 8.h3 Rb8 9.Bd3 Nc4
10.Qc1 Qa5 11.O-O c5 12.a4 cxd4 13.axb5 Qd8 14.Ne2 Ne3 15.Re1 h6 16.Bh4 g5
17.Bf2 gxf4 18.Nxf4 Be5 19.Nxe5 dxe5 20.Bxe3 dxe3 21.Nd5 e6 22.Nc3 Nf6 23.Qxe3 Nh5
24.Ne2 Rb7 25.Rxa7 Rg8 26.Ra8 Rg6 27.Rf1 f6 28.Rf2 Rbg7 29.b6  1-0

[Event "8th Open"]
[Site "Creon FRA"]
[Date "2003.07.29"]
[Round "3"]
[White "Pujos,S"]
[Black "Mihajlovskij,S"]
[Result "1-0"]
[WhiteElo "2338"]
[BlackElo "2411"]

1.e4 g6 2.d4 Bg7 3.Nc3 d6 4.Be3 c6 5.Qd2 b5 6.Bd3 Nd7 7.Nf3 Nb6 8.Qe2 Rb8
9.O-O Nf6 10.a4 b4 11.Nb1 O-O 12.Nbd2 a5 13.h3 Qc7 14.c4 bxc3 15.bxc3 Bd7
16.Rfb1 Rfc8 17.Ba6 Rd8 18.Bd3 Be8 19.Bg5 h6 20.Bf4 Nh5 21.Be3 e5 22.dxe5 dxe5
23.g3 Bf8 24.Kg2 Kh7 25.Nb3 c5 26.Bb5 Bxb5 27.axb5 a4 28.Na5 Ra8 29.Nc4 Re8
30.Nxb6 Qxb6 31.Nd2 Qb7 32.Qf3 Kg7 33.c4 Re6 34.Ra3 Rf6 35.Qe2 Nf4+  1-0

[Event "MTO"]
[Site "Biel SUI"]
[Date "2003.07.30"]
[Round "9"]
[White "Rashkovsky,N"]
[Black "Joksic,S"]
[Result "1-0"]
[WhiteElo "2510"]
[BlackElo "2253"]

1.d4 g6 2.e4 d6 3.Nc3 Bg7 4.Nf3 a6 5.a4 Nf6 6.h3 O-O 7.Be2 b6 8.O-O Bb7 9.Bd3 Nfd7
10.Bg5 h6 11.Bh4 Nc6 12.Bc4 Na5 13.Ba2 c5 14.Nd5 g5 15.Bg3 c4 16.b4 cxb3
17.cxb3 b5 18.b4 Nc4 19.Nc3 Nb2 20.Qe2 Nxa4 21.Nxa4 bxa4 22.Rfe1 Rc8 23.e5 Nb6
24.Bb1 Bd5 25.Qd3 f5 26.exf6 Rxf6 27.Nh2 Bc4 28.Qh7+ Kf8 29.Ng4 Bg8 30.Qd3 Rc4
31.Ba2 Rxb4 32.Bxg8 Kxg8 33.Nxf6+ Bxf6 34.Qg6+ Kf8 35.Qxh6+ Kf7 36.Qh7+ Kf8
37.h4 gxh4 38.Bxh4 Qd7 39.Bxf6 exf6 40.Qh8+ Kf7 41.Re4 f5 42.Rh4 Qb5 43.Re1  1-0

[Event "MTO"]
[Site "Biel SUI"]
[Date "2003.07.30"]
[Round "9"]
[White "Curien,N"]
[Black "Papa,S"]
[Result "0-1"]
[WhiteElo "2216"]
[BlackElo "2372"]

1.d4 g6 2.e4 Bg7 3.Nc3 d6 4.Bg5 c6 5.Qd2 h6 6.Bh4 b5 7.f4 Nd7 8.Nf3 Nb6 9.b3 Qc7
10.Rd1 Bg4 11.h3 Bxf3 12.gxf3 Nf6 13.Rg1 a6 14.f5 g5 15.Bg3 Nh5 16.Bh2 c5
17.Ne2 cxd4 18.f4 Bf6 19.Bg2 Rc8 20.Bf3 Nxf4 21.Bxf4 gxf4 22.Nxd4 Qc3 23.Rg2 Bxd4  0-1

[Event "Inline Czechia Cup"]
[Site "Olomouc CZE"]
[Date "2003.07.31"]
[Round "2"]
[White "Vyskocil,N"]
[Black "Jasim,A"]
[Result "0-1"]
[WhiteElo "2375"]
[BlackElo "2318"]

1.e4 g6 2.d4 d6 3.Nc3 Bg7 4.Bc4 Nf6 5.Qe2 Nc6 6.e5 Nd7 7.Bxf7+ Kxf7 8.e6+ Ke8
9.exd7+ Bxd7 10.Be3 Nxd4 11.Qd2 Nf5 12.O-O-O Bc6 13.Nf3 Bxf3 14.gxf3 Qd7
15.Rhe1 Qc6 16.Ne4 h6 17.Qd3 Kf7 18.Bd2 Rhe8 19.Bc3 Bxc3 20.Nxc3 e6 21.Re4 Qb6
22.Qe2 Re7 23.Re1 Rc8 24.Qd2 c6 25.Rg1 Qc7 26.Reg4 Rg8 27.Ne4 d5 28.Ng3 g5
29.f4 Nh4 30.Qd3 Ng6 31.Nh5 Kf8 32.Qg3 Rf7 33.fxg5 Qxg3 34.R4xg3 hxg5 35.Rxg5 Ne7
36.f4 Rh8 37.Re5 Nf5 38.Rg5 Nd4 39.Re3 Rf5 40.Re5 Rf7 41.Re3 Rf5 42.c3 Rxg5
43.fxg5 Rxh5 44.cxd4 Ke7 45.Kc2 Rxh2+ 46.Kc3 Rg2 47.Re5 Kd6 48.Re3 Rxg5 49.Rh3 Rg7
50.Rh6 b6 51.b4 Rg3+ 52.Kc2 Ra3 53.Kb2 Rd3 54.Rh4 Re3 55.Rh7 Rd3 56.Rh4 a5
57.bxa5 bxa5  0-1

[Event "MTO"]
[Site "Biel SUI"]
[Date "2003.08.01"]
[Round "11"]
[White "Ulibin,M"]
[Black "Tkachiev,V"]
[Result "1-0"]
[WhiteElo "2558"]
[BlackElo "2654"]

1.d4 d6 2.e4 g6 3.Nc3 Bg7 4.Bg5 a6 5.a4 Nf6 6.Qd2 h6 7.Be3 Ng4 8.Bf4 Nc6
9.h3 e5 10.dxe5 Ngxe5 11.Be3 g5 12.g3 Na5 13.b3 Be6 14.Rd1 f5 15.Nd5 Nac6
16.f4 gxf4 17.gxf4 Nd7 18.Bc4 Nf6 19.Nxc7+ Qxc7 20.Bxe6 Nxe4 21.Qg2 Nd4 22.Bxd4 Bxd4
23.Rxd4 Qc3+ 24.Rd2 Kf8 25.Bxf5 Ng3 26.Qd5 Re8+ 27.Kf2 Nxh1+ 28.Kg2 Rg8+
29.Bg4 Ng3 30.Qxd6+ Kg7 31.Rd3 Nf5 32.Qd7+ Re7 33.Qxe7+  1-0

[Event "6th Magistral"]
[Site "Vicente Lopez ARG"]
[Date "2003.08.01"]
[Round "9"]
[White "Valerga,D"]
[Black "Roselli Mailhe,B"]
[Result "1-0"]
[WhiteElo "2496"]
[BlackElo "2440"]

1.e4 g6 2.d4 Bg7 3.Nc3 d6 4.Be3 c6 5.Qd2 b5 6.f3 a6 7.h4 h5 8.Nh3 Bxh3 9.Rxh3 d5
10.exd5 cxd5 11.a4 b4 12.Na2 a5 13.Bb5+ Kf8 14.c3 bxc3 15.bxc3 Nh6 16.Nc1 Nf5
17.Nd3 Nd7 18.Bf4 e6 19.Rb1 Bf6 20.Bc6 Rc8 21.Bb7 Rc4 22.Ba6 Rc6 23.Bb5 Rc8
24.Ba6 Rc6 25.Bb5 Rb6 26.Nc5 Nxc5 27.dxc5 Rb7 28.c6 Rc7 29.c4 e5 30.Bg5 Bxg5
31.hxg5 Nd4 32.f4 dxc4 33.Rc1 exf4 34.Rxc4 Qe7+ 35.Kf1 Ne6 36.Rd3 Qxg5 37.Rd7 Qe5
38.Qxa5 Kg7 39.Qc3 Qxc3 40.Rxc3 Rhc8 41.Rc4 Kf6 42.Re4 g5 43.Ba6 Rxd7 44.Bxc8  1-0

[Event "8th Open"]
[Site "Creon FRA"]
[Date "2003.08.02"]
[Round "8"]
[White "Tjiam,D"]
[Black "Dumitrache,D"]
[Result "0-1"]
[WhiteElo "2326"]
[BlackElo "2492"]

1.d4 g6 2.e4 Bg7 3.Nc3 d6 4.Be3 a6 5.Qd2 Nd7 6.f3 b5 7.a4 b4 8.Nce2 c5 9.c3 Rb8
10.Nc1 bxc3 11.bxc3 Qc7 12.Bd3 Ngf6 13.Nge2 O-O 14.O-O e5 15.d5 c4 16.Bc2 Nc5
17.g4 Bd7 18.Ra2 Rb7 19.Ng3 Rfb8 20.Qe2 Nb3 21.Kh1 Be8 22.Rg1 Kh8 23.h4 Nd7
24.h5 Nb6 25.Qg2 Qd8 26.Qh3 Nxa4 27.Nce2 Nbc5 28.Nf5 Bf8 29.hxg6 fxg6 30.Bxa4 Nxa4
31.Nf4 exf4 32.Bd4+ Kg8 33.Nh6+ Bxh6 34.Qxh6 Qe7 35.Qxf4 Rb1 36.Bf6 Qa7 37.Rg2 Rxg1+
38.Rxg1 Qf7 39.g5 Qd7 40.Kh2 Nc5 41.Kg3 Nd3 42.Qe3 Rb2 43.Rh1 a5 44.Qd4 Qc7
45.e5 dxe5 46.d6 Qc5 47.Qxc5 Nxc5 48.Rh4 Bb5  0-1

[Event "Inline Czechia Cup"]
[Site "Olomouc CZE"]
[Date "2003.08.02"]
[Round "4"]
[White "Vreugdenhil,F"]
[Black "Jasim,A"]
[Result "0-1"]
[WhiteElo "2087"]
[BlackElo "2318"]

1.d4 g6 2.e4 d6 3.Nc3 Bg7 4.f4 Nf6 5.Nf3 O-O 6.Bd3 Na6 7.Be3 c5 8.Bxa6 cxd4
9.Bxb7 dxc3 10.Bxa8 cxb2 11.Rb1 Ba6 12.Bd5 e6 13.Bb3 Nxe4 14.Bd4 Qa5+ 15.c3 e5
16.Bc2 exd4 17.Bxe4 dxc3 18.Kf2 d5 19.Bd3 Qc5+ 20.Kg3 Bxd3 21.Qxd3 c2 22.Qxc2 Rc8
23.Ne5 g5 24.Qf5 Qe3+ 25.Nf3 Qxf4+  0-1

[Event "Sunstar Park Open"]
[Site "Davos SUI"]
[Date "2003.08.03"]
[Round "2"]
[White "Curien,N"]
[Black "Lorscheid,G"]
[Result "0-1"]
[WhiteElo "2216"]
[BlackElo "2334"]

1.d4 g6 2.e4 d6 3.Nc3 Bg7 4.Bg5 Nd7 5.Qd2 a6 6.f4 b5 7.Nf3 Bb7 8.Bd3 c5 9.d5 Qb6
10.Nd1 Ngf6 11.c4 bxc4 12.Bc2 e6 13.dxe6 fxe6 14.Ne3 d5 15.e5 Ng8 16.O-O Nh6
17.Rad1 Qb4 18.Qxb4 cxb4 19.Ba4 Bf8 20.Bxh6 Bxh6 21.Nxc4 Ke7 22.Nd6 Nc5 23.Rc1 Bxf4
24.Rxc5 Be3+ 25.Kh1 Bxc5 26.Nxb7 Be3 27.Re1 Bb6 28.Nd6 Ra7 29.Rc1 Rc7 30.Rxc7+ Bxc7
31.Nd4 Bxd6 32.Nc6+ Kd7 33.Nxb4+ Kc7 34.exd6+ Kxd6 35.Nxa6 Ra8 36.Bb5 Rc8
37.Kg1 Rc2 38.a4 Rxb2 39.Kf1 e5 40.Nb8 e4 41.Nc6 Kc5 42.h4 d4 43.Ne5 Rc2
44.Nd7+ Kd5 45.a5 d3 46.a6 Kd4 47.Nb6 e3 48.g3 Rc1+ 49.Kg2 e2 50.a7 e1=Q  0-1

[Event "3rd Open"]
[Site "Plancoet FRA"]
[Date "2003.08.03"]
[Round "9"]
[White "Georgieva,Li"]
[Black "Bricard,E"]
[Result "0-1"]
[WhiteElo "2249"]
[BlackElo "2456"]

1.e4 g6 2.d4 Bg7 3.Nc3 d6 4.Be3 a6 5.a4 Nd7 6.Nf3 b6 7.Bc4 e6 8.Qd2 h6 9.O-O Ne7
10.Ne1 Nf6 11.Be2 Bb7 12.Qd3 O-O 13.f4 c5 14.Bf3 Qc7 15.dxc5 bxc5 16.e5 dxe5
17.Bxb7 Qxb7 18.Bxc5 Rfd8 19.Qc4 exf4 20.Nd3 g5 21.Ra3 Nf5 22.Qb4 Qc8 23.Nd1 Rb8
24.Qa5 Ne4 25.N1f2 Nxc5 26.Qxc5 Qxc5 27.Nxc5 Rxb2 28.Nxa6 Rc8 29.Nd3 Rbxc2
30.Nab4 R2c3 31.Ra2 Bd4+ 32.Kh1 Ne3 33.Rb1 Rb8 34.Re1 Nd5 35.Nxd5 exd5 36.Rd2 Be3
37.Rdd1 d4 38.h4 Ra8 39.h5 Rxa4 40.Ne5 Ra2 41.Ng4 Kg7 42.Rf1 Rcc2 43.g3 f5
44.Nxe3 fxe3  0-1

[Event "Hilton Premier"]
[Site "Blackpool ENG"]
[Date "2003.08.04"]
[Round "2"]
[White "Haslinger,S"]
[Black "McNab,C"]
[Result "1-0"]
[WhiteElo "2414"]
[BlackElo "2395"]

1.e4 g6 2.d4 d6 3.Nc3 Bg7 4.Be3 Nf6 5.Qd2 c6 6.f3 Qa5 7.g4 h5 8.g5 Nfd7 9.f4 d5
10.f5 dxe4 11.fxg6 fxg6 12.Nxe4 Qxd2+ 13.Nxd2 O-O 14.Ngf3 e5 15.Bc4+ Kh7
16.O-O exd4 17.Bxd4 Nb6 18.Rae1 Bxd4+ 19.Nxd4 Rxf1+ 20.Rxf1 Bh3 21.Rf3 Bg4
22.Rf7+ Kh8 23.Rf8+ Kg7 24.Rf7+ Kh8 25.Rxb7 c5 26.Nb5 Nc6 27.Rc7 Rc8 28.Rxc8+ Nxc8
29.Ne4 Ne5 30.Bf1 Bf5 31.Nbc3 Nf3+ 32.Kg2 Nb6 33.Nxc5 Kg7 34.Be2 Bg4 35.b3 Nc8
36.Ba6 Bf5 37.Nb5 Bxc2 38.Nxa7 Bd1 39.b4 Kf7  1-0

[Event "ch-SLO"]
[Site "Bled SLO"]
[Date "2003.08.04"]
[Round "3"]
[White "Barle,J"]
[Black "Matko,M"]
[Result "1-0"]
[WhiteElo "2360"]
[BlackElo "2104"]

1.e4 g6 2.d4 Bg7 3.Nc3 d6 4.Nge2 Nc6 5.d5 Nb8 6.g3 c6 7.dxc6 Nxc6 8.Bg2 Nf6
9.O-O O-O 10.b3 Bg4 11.Bb2 Rc8 12.h3 Bd7 13.a3 Qa5 14.Qd2 Qh5 15.Qe3 Bxh3
16.Nf4 Ng4 17.Nxh5 Nxe3 18.Bxh3 Nxf1 19.Nxg7 Kxg7 20.Bxc8 Nxg3 21.Bxb7 Na5
22.fxg3 Nxb7 23.Nd5+ e5 24.Re1 Rc8 25.Re2 Nc5 26.Re3 h5 27.Rc3 Re8 28.Rc4 h4
29.gxh4 f5 30.Bc1 f4 31.b4 Ne6 32.Nc7 Nxc7 33.Rxc7+ Kh6 34.Bd2 Kh5 35.Be1 Kg4
36.Bf2 Kf3 37.Bxa7 Kxe4 38.b5 Kf3 39.b6 Ke2 40.b7 f3 41.Rc8 Re7 42.b8=Q e4
43.Qb5+ Kd2  1-0

[Event "Stork YM"]
[Site "Hengelo NED"]
[Date "2003.08.04"]
[Round "1"]
[White "Middelburg,T"]
[Black "Nyback,T"]
[Result "0-1"]
[WhiteElo "2396"]
[BlackElo "2483"]

1.e4 g6 2.d4 Bg7 3.Nc3 d6 4.Be3 a6 5.Qd2 Nd7 6.f3 b5 7.Nge2 c5 8.g4 Bb7 9.Ng3 e6
10.h4 h6 11.Be2 Ne7 12.dxc5 dxc5 13.f4 Qa5 14.O-O b4 15.Nd1 O-O-O 16.Qc1 f5
17.a3 b3 18.cxb3 fxe4 19.b4 Qc7 20.bxc5 g5 21.Nh5 gxf4 22.Rxf4 Be5 23.Rf7 Nd5
24.c6 Bxc6 25.Bxa6+ Kb8 26.Qc4 Nxe3 27.Qb3+ Qb6 28.Qxb6+ Nxb6 29.Nxe3 Bd4  0-1

[Event "Open"]
[Site "Olomouc CZE"]
[Date "2003.08.04"]
[Round "6"]
[White "Laznicka,V"]
[Black "Johansson,Ja SWE"]
[Result "0-1"]
[WhiteElo "2446"]
[BlackElo "2396"]

1.e4 g6 2.d4 Bg7 3.Nc3 d6 4.Be3 a6 5.a4 b6 6.Qd2 Bb7 7.f3 Nd7 8.Nh3 c6 9.Nf2 b5
10.Bd3 Ngf6 11.Bh6 Bxh6 12.Qxh6 e5 13.dxe5 dxe5 14.O-O Ng8 15.Qe3 Ngf6 16.Rfd1 O-O
17.Bf1 Qe7 18.Rd2 Nc5 19.Qg5 Rfe8 20.axb5 axb5 21.Rxa8 Bxa8 22.Ncd1 Bb7 23.Ne3 Bc8
24.h3 Kg7 25.Nfg4 Nxg4 26.Qxe7 Rxe7 27.hxg4 Rd7 28.Re2 Kf6 29.Kf2 Ra7 30.Rd2 Ke7
31.b4 Na6 32.c3 Nc7 33.c4 Be6 34.cxb5 cxb5 35.Rc2 Kd6 36.Rc5 Bd7 37.Nd5 Ne6
38.Rc2 Nd4 39.Rb2 f5 40.gxf5 gxf5 41.Nf6 Be6 42.exf5 Bxf5 43.Nh5 Bg6 44.Ng3 Ra3
45.Ne2 Kc6 46.f4 Nxe2 47.Rxe2 exf4 48.Re5 Bd3 49.Bxd3 Rxd3 50.Re4 Kd5 51.Rxf4 Rd4
52.Rf5+ Kc4 53.Rh5 Kxb4 54.Rxh7 Kc3 55.Kf3 b4 56.g4 b3 57.Rh1 b2 58.Kg3 Kc2
59.Kh4 Rd1 60.Rh2+ Kc3 61.Rxb2 Kxb2 62.Kg5 Kc3 63.Kf6 Rf1+ 64.Ke5 Rg1 65.Kf5 Kd4
66.g5 Kd5 67.Kf6 Kd6 68.g6 Rf1+ 69.Kg7 Ke7 70.Kg8 Kf6 71.g7 Rg1 72.Kh8 Kf7  0-1

[Event "Inline Czechia Cup"]
[Site "Olomouc CZE"]
[Date "2003.08.04"]
[Round "6"]
[White "Ptacnikova,L"]
[Black "Jasim,A"]
[Result "1/2-1/2"]
[WhiteElo "2215"]
[BlackElo "2318"]

1.e4 g6 2.d4 d6 3.Nc3 Bg7 4.Be3 a6 5.a4 Nf6 6.Qd2 O-O 7.Bh6 e5 8.Bxg7 Kxg7
9.f3 exd4 10.Qxd4 Nc6 11.Qd2 Qe7 12.Nge2 Ne5 13.Nf4 c6 14.Be2 b6 15.Qd4 Qc7
16.g4 Rd8 17.g5 Nfd7 18.h4 Nf8 19.O-O-O b5 20.h5 Qa7 21.Qd2 Qc5 22.hxg6 fxg6
23.Rh2 Ra7 24.Rdh1 Rb7 25.Ng2 bxa4 26.Nxa4 Qb4 27.Qxb4 Rxb4 28.Nc3 Nf7 29.f4 a5
30.b3 Bb7 31.Bf3 d5 32.e5 Re8 33.Kb2 Nd8 34.Bg4 c5 35.Na4 c4 36.Nc5 Bc6 37.Bd7 Re7
38.Bxc6 Nxc6 39.Ne3 c3+ 40.Kb1 Rb5 41.Na4 d4 42.Ng4 Reb7 43.Nf6 Kh8 44.Rh3 Nb4
45.Kc1 Nd5 46.Nxd5 Rxd5 47.Rd1 Ne6 48.Nxc3 Nxf4  1/2-1/2

[Event "Open"]
[Site "Olomouc CZE"]
[Date "2003.08.04"]
[Round "6"]
[White "Bosiocic,Mari"]
[Black "Dlugosz,J"]
[Result "1/2-1/2"]
[WhiteElo "2157"]
[BlackElo "2341"]

1.e4 g6 2.d4 Bg7 3.Nc3 d6 4.Be3 a6 5.f3 b5 6.Qd2 Nd7 7.a4 b4 8.Nd5 a5 9.c3 c6
10.Nf4 bxc3 11.bxc3 Rb8 12.Bd3 Ngf6 13.Ngh3 O-O 14.O-O e5 15.Ne2 Re8 16.Nf2 h5
17.Rab1 Rxb1 18.Rxb1 Qe7 19.Bg5  1/2-1/2

[Event "ch-SLO w"]
[Site "Bled SLO"]
[Date "2003.08.05"]
[Round "4"]
[White "Stevanec,L"]
[Black "Vospernik,M"]
[Result "1/2-1/2"]
[WhiteElo "2117"]
[BlackElo "2085"]

1.e4 d6 2.d4 g6 3.Nc3 Bg7 4.Be3 Nh6 5.h3 f5 6.Qd2 Nf7 7.exf5 Bxf5 8.g4 Bd7
9.Bg2 c6 10.Nge2 d5 11.f4 e6 12.O-O-O Nd6 13.Ng3 Nc4 14.Qe1 Qe7 15.Bf1 Nxe3
16.Qxe3 Qh4 17.Kb1 O-O 18.Nce2 Qf6 19.h4 c5 20.c3 cxd4 21.cxd4 Nc6 22.g5 Qf7
23.Bg2 Rfe8 24.Rhf1 Na5 25.b3  1/2-1/2

[Event "Inline Czechia Cup"]
[Site "Olomouc CZE"]
[Date "2003.08.05"]
[Round "7"]
[White "Vreugdenhil,F"]
[Black "Tibensky,R"]
[Result "0-1"]
[WhiteElo "2087"]
[BlackElo "2401"]

1.e4 g6 2.d4 Bg7 3.Nc3 d6 4.f4 Nf6 5.Nf3 O-O 6.Bd3 Na6 7.Be3 c5 8.h3 cxd4
9.Bxd4 Nb4 10.O-O Nc6 11.Be3 d5 12.e5 d4 13.exf6 Bxf6 14.Nxd4 Nxd4 15.Ne4 Bg7
16.c3 Nf5 17.Bf2 b6 18.Ng3 Nd6 19.Qe2 Bb7 20.Rac1 Qc7 21.Ne4 Nf5 22.Ng3 Nd6
23.Ne4 Qc6 24.Rfe1 f5 25.Bd4 Bxd4+  0-1

[Event "Hilton Premier"]
[Site "Blackpool ENG"]
[Date "2003.08.06"]
[Round "5"]
[White "Hanley,C"]
[Black "Davies,N"]
[Result "1/2-1/2"]
[WhiteElo "2387"]
[BlackElo "2482"]

1.e4 g6 2.d4 Bg7 3.Nc3 d6 4.f4 Nf6 5.Bd3 Nc6 6.Nf3 Bg4 7.d5 Nb4 8.Be2 O-O
9.h3 Bxf3 10.Bxf3 c6 11.a3 Na6 12.Be3 cxd5 13.exd5 Nd7 14.Bd4 Bxd4 15.Qxd4 Qb6  1/2-1/2

[Event "ch-SLO"]
[Site "Bled SLO"]
[Date "2003.08.06"]
[Round "5"]
[White "Sakelsek,T"]
[Black "Matko,M"]
[Result "1-0"]
[WhiteElo "2351"]
[BlackElo "2104"]

1.e4 g6 2.d4 Bg7 3.Nc3 d6 4.g3 Nf6 5.Bg2 O-O 6.Nge2 e5 7.h3 Nc6 8.Be3 Nd7
9.O-O a6 10.a4 Kh8 11.Qd2 Ne7 12.Rad1 f5 13.f4 fxe4 14.dxe5 Nf5 15.exd6 cxd6
16.Nxe4 Nxe3 17.Qxe3 Qe8 18.Qd2 Nc5 19.Nxd6 Qxa4 20.b3 Qd7 21.Qa5 Qe7 22.Qxc5 Qxe2
23.Rfe1 Qh5 24.Rd5 Bf5 25.Re7 b6 26.Qe3 Qh6 27.Nf7+ Rxf7 28.Rxf7 Rc8 29.g4 Kg8
30.gxf5 gxf5 31.Rxg7+ Kxg7 32.Rd7+ Kf8 33.Qe7+ Kg8 34.Bd5+ Kh8 35.Qe5+ Qg7+
36.Qxg7+  1-0

[Event "Stork YM"]
[Site "Hengelo NED"]
[Date "2003.08.06"]
[Round "4"]
[White "Michiels,B"]
[Black "Nyback,T"]
[Result "0-1"]
[WhiteElo "2376"]
[BlackElo "2483"]

1.e4 g6 2.d4 Bg7 3.Nc3 d6 4.Bg5 Nd7 5.Qd2 c5 6.Nf3 a6 7.Bc4 h6 8.Qf4 Ndf6
9.Bxf6 Nxf6 10.dxc5 g5 11.Qd2 Qc7 12.Bb3 Qxc5 13.O-O O-O 14.Rfe1 Ng4 15.Nd5 Bxb2
16.Rab1 Bg7 17.Nxe7+ Kh8 18.Red1 Nf6 19.Qxd6 Nxe4 20.Qxc5 Nxc5 21.Bxf7 Rxf7
22.Rd8+ Kh7 23.Rxc8 Rxc8 24.Nxc8 g4 25.Nd2 Bd4 26.Rf1 b5 27.Nd6 Rc7 28.Nf5 Ne6
29.Nb3 Bb6 30.Re1 Ng5 31.Re2 h5 32.Kf1 Rc4 33.Ke1 Ne4 34.Ng3 Bxf2+ 35.Rxf2 Nxf2
36.Kxf2 Rxc2+ 37.Ke1 Kg6 38.Ne2 Rxa2 39.Kd1 a5 40.Nbc1 Ra3 41.Kc2 b4 42.Nd3 h4
43.Nec1 Kf5 44.g3 h3 45.Ne2 Ke4 46.Nef4 Ra2+ 47.Nb2 a4 48.Kb1 b3 49.Ne2 a3
50.Nc3+ Kf3 51.Nxa2 bxa2+  0-1

[Event "US Open"]
[Site "Los Angeles USA"]
[Date "2003.08.06"]
[Round "4"]
[White "Del Pilar,R"]
[Black "Ganbold,O"]
[Result "1-0"]
[WhiteElo "2232"]
[BlackElo "2417"]

1.e4 g6 2.d4 Bg7 3.Nc3 d6 4.Be3 c6 5.Qd2 b5 6.h4 h5 7.Bd3 a6 8.Nh3 Nd7 9.Ng5 Nb6
10.O-O Nf6 11.e5 Nh7 12.Nxh7 Rxh7 13.exd6 Qxd6 14.Ne4 Qd8 15.Ng5 Rh8 16.Be4 Nd5
17.b3 Bf5 18.Bxf5 gxf5 19.c4 Nxe3 20.fxe3 e6 21.Rad1 Qd6 22.e4 Rd8 23.d5 cxd5
24.exf5 e5 25.cxd5 Bh6 26.Qe2 Qf6 27.d6 Kf8 28.Ne6+ fxe6 29.fxe6 Bf4 30.e7+ Kg7
31.exd8=Q Rxd8 32.Qxh5 Rh8 33.Qg4+ Kh6 34.d7  1-0

[Event "Inline Czechia Cup"]
[Site "Olomouc CZE"]
[Date "2003.08.06"]
[Round "8"]
[White "Slaby,J"]
[Black "Jasim,A"]
[Result "1-0"]
[WhiteElo "2376"]
[BlackElo "2318"]

1.e4 g6 2.d4 d6 3.Nc3 Bg7 4.Be3 a6 5.Qd2 b5 6.a4 b4 7.Nce2 a5 8.Ng3 Bb7 9.Bd3 Nd7
10.Nf3 c5 11.c3 Qc7 12.cxb4 cxb4 13.Rc1 Qd8 14.O-O h5 15.Bg5 Ba6 16.Rc6 Nb8
17.Bxa6 Rxa6 18.Rxa6 Nxa6 19.Rc1 Nf6 20.Qe2 Nc7 21.d5 O-O 22.Qc4 Na6 23.Nd4 Ng4
24.Bxe7 Qxe7 25.Qe2  1-0

[Event "HZ Open"]
[Site "Vlissingen NED"]
[Date "2003.08.06"]
[Round "6"]
[White "Kharitonov,Alexa"]
[Black "Bakhmatov,E"]
[Result "0-1"]
[WhiteElo "2437"]
[BlackElo "2311"]

1.e4 g6 2.d4 Bg7 3.Nc3 d6 4.Bg5 a6 5.a4 Nc6 6.Nf3 Bg4 7.d5 Nd4 8.Be2 Nxe2
9.Nxe2 Nf6 10.Qd4 O-O 11.a5 Nd7 12.Qc4 Bxf3 13.gxf3 Bxb2 14.Rb1 b5 15.Qb4 Bg7
16.Nd4 c5 17.dxc6 Ne5 18.h4 Rc8 19.h5 Nxc6 20.Nxc6 Rxc6 21.Bd2 Rxc2 22.hxg6 hxg6
23.Rc1 Bc3 24.Rh8+ Bxh8 25.Rxc2 Qd7 26.Qb3 Rc8 27.Rxc8+ Qxc8 28.Qe3 Qc5 29.Qf4 b4
30.e5 b3 31.exd6 b2 32.Qe4 Qe5  0-1

[Event "Hilton Premier"]
[Site "Blackpool ENG"]
[Date "2003.08.08"]
[Round "7"]
[White "Hanley,C"]
[Black "McNab,C"]
[Result "1/2-1/2"]
[WhiteElo "2387"]
[BlackElo "2395"]

1.e4 g6 2.d4 d6 3.Nc3 Bg7 4.f4 Nf6 5.Nf3 O-O 6.Bd3 Nc6 7.e5 dxe5 8.fxe5 Nh5
9.Be3 Bg4 10.Be2 f6 11.exf6 exf6 12.O-O f5 13.Qd2 f4 14.Bf2 Kh8 15.Rad1 Ne7
16.d5 Nf5 17.Nd4 Nxd4 18.Bxg4 c5 19.dxc6 Nxc6 20.Qe2 Qg5 21.h4 Qe5 22.Bxh5 gxh5
23.Qxe5 Nxe5 24.Bc5 Rf7 25.Ne4 Ng6 26.Rd5 Re8 27.Ng5 Rc7 28.c3 Bf6 29.Ba3 Nxh4
30.Nf3 Kg7 31.Rxh5 h6 32.Rb5 Kg6 33.Kh2 Re2 34.Rd5 h5 35.Kg1 Re8 36.Nxh4+ Bxh4
37.Rxh5 Bg3 38.Bd6 Kg7 39.Rb5 Kg6 40.a4  1/2-1/2

[Event "HZ Open"]
[Site "Vlissingen NED"]
[Date "2003.08.08"]
[Round "8"]
[White "Bezemer,A"]
[Black "Haub,TM"]
[Result "1/2-1/2"]
[WhiteElo "2346"]
[BlackElo "2397"]

1.e4 g6 2.d4 Bg7 3.Nc3 d6 4.Be3 a6 5.Qd2 Nd7 6.Nf3 h6 7.O-O-O e6 8.h4 b5
9.h5 g5 10.d5 e5 11.Ne1 Nb6 12.b3 f5 13.exf5 Bxf5 14.Bd3 Ne7 15.Bxf5 Nxf5
16.g4 Ne7 17.Bxb6 cxb6 18.Ne4 Qd7 19.Qe2 O-O 20.Ng2 b4 21.Rh3 a5 22.Rf3 a4
23.Rxf8+ Rxf8 24.Kb1 b5 25.Ne3 Rf4 26.f3 a3 27.Rf1 Qa7 28.Rd1 Qb6 29.Rd3 Rf8
30.Kc1 Rc8 31.Kd1 Kf7 32.Ke1 Ng8 33.Nf5 Bf8 34.Kf1 Nf6 35.Nxf6 Kxf6 36.Nd4 Qc5
37.Nc6 Kg7 38.Qf2 Kf7 39.Qxc5 dxc5 40.Nxe5+ Ke7 41.d6+ Ke6 42.d7 Rd8 43.Nc6 Rxd7
44.Rxd7 Kxd7 45.Ne5+ Ke6 46.Ng6 Bg7 47.Ke2 Bb2 48.Ke3 Bf6 49.Ke4 Bg7 50.f4 Bf6
51.fxg5 Bxg5 52.Ne5 Bd2 53.Nd3 c4 54.Ne5 Bc3 55.Nf3 Kd6 56.g5 hxg5 57.Nxg5 Bd2
58.Nf7+ Ke6 59.Ne5 Bc3 60.Nf3 Kf6 61.Nd4 cxb3 62.cxb3 Kg5 63.Nxb5 Be1 64.Kd4 Kxh5
65.Kc4 Kg5 66.Nd4 Kf6 67.Nc2 Bd2 68.Nxb4 Ke6 69.Nc2 Bc1 70.Kb4 Kd5 71.Nxa3 Kc6
72.Nc4 Bg5 73.a4 Be7+ 74.Ka5 Kc5 75.Nd2 Bd8+ 76.Ka6 Kb4 77.Ne4 Bc7 78.Nd2 Kc3
79.Ne4+ Kb4 80.Nf6 Kxb3 81.Kb5 Bd8 82.Nd5 Ka3 83.Ne3 Kb3 84.Nc4 Bc7 85.Na5+ Ka3
86.Nc6 Kb3  1/2-1/2